15 principales países afectados por Covid19 - 29 de julio - Estadísticas

Estadísticas generales
  • Esta prueba ha sido intentada 5 veces
  • La puntuación promedio es 16 de 25
Estadísticas de respuestas
país % Correcto
Brasil
100%
Chile
100%
Chile
100%
España
100%
Estados Unidos
100%
India
100%
Italia
100%
México
100%
Reino Unido
100%
Rusia
100%
Irán
80%
Perú
80%
Sudáfrica
80%
Colombia
60%
Arabia Saudita
40%
Pakistán
40%
Panamá
40%
Armenia
20%
Baréin
20%
Catar
20%
Israel
20%
Kuwait
20%
Omán
20%
Singapur
20%
Suecia
20%
No se encontraron pruebas coincidentes
Distribución de puntuación
Porcentaje de gente con cada puntuación
Porcentaje por número respondido
Historial de tus puntuaciones
No has intentado esta prueba.